movie settings - cities 2 - Statistics

General Stats
  • This quiz has been taken 20 times
  • The average score is 11 of 15
Answer Stats
movie year city % Correct
Mary Poppins 1964 London
100%
Taxi Driver 1976 New York
100%
Les Misérables 2012 Paris
94%
Amadeus 1984 Vienna
94%
Chinatown 1974 Los Angeles
89%
Slumdog Millionaire 2008 Mumbai
89%
Rocky 1976 Philadelphia
89%
Hairspray 2007 Baltimore
83%
8 Mile 2002 Detroit
83%
Roma 2018 Mexico City
67%
Moonlight 2016 Miami
56%
Chungking Express 1994 Hong Kong
50%
Hotel Rwanda 2004 Kigali
44%
My Left Foot 1989 Dublin
39%
The Unbearable Lightness of Being 1988 Prague
17%
No matching quizzes found
Score Distribution
Percent of People with Each Score
Percentile by Number Answered
Your Score History
You have not taken this quiz